The Malavas. (Record no. 69603)
[ view plain ]
| 000 -LEADER | |
|---|---|
| fixed length control field | 01249cam1a220032501 4500 |
| 001 - CONTROL NUMBER | |
| control field | lce00646120 |
| 008 - FIXED-LENGTH DATA ELEMENTS--GENERAL INFORMATION | |
| fixed length control field | 760326s1966 ii bf b 000 0 eng |
| 010 ## - LIBRARY OF CONGRESS CONTROL NUMBER | |
| LC control number | sa 68020776 //r852 |
| 020 ## - INTERNATIONAL STANDARD BOOK NUMBER | |
| Terms of availability | 7.00 |
| 025 ## - OVERSEAS ACQUISITION NUMBER | |
| Overseas acquisition number | PL480:I-E-10504 |
| 035 ## - SYSTEM CONTROL NUMBER | |
| System control number | (Sirsi) r79041 |
| 035 ## - SYSTEM CONTROL NUMBER | |
| System control number | (DLC)sa 68020776 //r852 |
| 035 ## - SYSTEM CONTROL NUMBER | |
| System control number | (UPRA)lce00646120 |
| 043 ## - GEOGRAPHIC AREA CODE | |
| Geographic area code | a-ii--- |
| 050 0# - LIBRARY OF CONGRESS CALL NUMBER | |
| Classification number | DS451 |
| Item number | .D38 |
| 082 ## - DEWEY DECIMAL CLASSIFICATION NUMBER | |
| Classification number | 934 |
| 100 1# - MAIN ENTRY--PERSONAL NAME | |
| Personal name | Dasgupta, Kalyan Kumar, 1933- |
| Dates associated with a name | Dasgupta, Kalyan Kumar, 1933- |
| Linkage | A38795.1 |
| 245 14 - TITLE STATEMENT | |
| Title | The Malavas. |
| 260 ## - PUBLICATION, DISTRIBUTION, ETC. | |
| Place of publication, distribution, etc. | Calcutta, |
| Name of publisher, distributor, etc. | Sanskrit College, |
| Date of publication, distribution, etc. | 1966. |
| 490 1# - SERIES STATEMENT | |
| Series statement | Calcutta Sanskrit College Research series, no. 50. Studies, no. 29 |
| 500 ## - GENERAL NOTE | |
| General note | Published under the auspices of the Government of West Bengal. |
| 500 ## - GENERAL NOTE | |
| General note | Part of the author's thesis 'Tribal coins of ancient India (2nd century B.C.-4th century A.D.)'. |
| 504 ## - BIBLIOGRAPHY, ETC. NOTE | |
| Bibliography, etc. note | Bibliography: p. [32]-34. |
| 650 #0 - SUBJECT ADDED ENTRY--TOPICAL TERM | |
| Topical term or geographic name entry element | Malavas. |
| Linkage | S30672.1 |
| 650 #0 - SUBJECT ADDED ENTRY--TOPICAL TERM | |
| Topical term or geographic name entry element | Coins, Malava. |
| Linkage | S30673.1 |
| 810 2# - SERIES ADDED ENTRY--CORPORATE NAME | |
| Corporate name or jurisdiction name as entry element | University of Calcutta. Sanskrit College studies ; |
| Title of a work | University of Calcutta. Sanskrit College studies ; |
| Volume/sequential designation | no. 29. |
| Linkage | S6292.1 |
| 830 #0 - SERIES ADDED ENTRY--UNIFORM TITLE | |
| Uniform title | Calcutta Sanskrit College research series ; |
| Volume/sequential designation | no. 50. |
| Linkage | S6293.1 |
| 949 ## - LOCAL PROCESSING INFORMATION (OCLC) | |
| a | DS451 |
| w | lcc |
| i | -108738 |
| m | MAIN |
| t | BOOK |
| l | ON-SHELF |
No items available.